[Event "World Chess Olympiad 2018"]
[Site "Batumi"]
[Date "2018.09.27"]
[Round "4"]
[Board "3"]
[WhiteFideId "14300753"]
[White "Masango Spencer"]
[BlackFideId "4701178"]
[Black "Pasko Llambi"]
[Result "0-1"]
[LiveChessVersion "1.4.8"]
[BlackElo "2386"]
[WhiteElo "2121"]

1. Nf3 {[%clk 1:30:43]} Nf6 {[%clk 1:30:47]} 2. c4 {[%clk 1:30:59]} g6
{[%clk 1:30:59]} 3. Nc3 {[%clk 1:31:22]} Bg7 {[%clk 1:30:57]} 4. e4
{[%clk 1:31:44]} d6 {[%clk 1:31:24]} 5. d4 {[%clk 1:32:08]} O-O {[%clk 1:30:57]}
6. Be2 {[%clk 1:32:27]} e5 {[%clk 1:30:56]} 7. O-O {[%clk 1:32:27]} Nbd7
{[%clk 1:29:39]} 8. Re1 {[%clk 1:32:36]} c6 {[%clk 1:29:32]} 9. Be3
{[%clk 1:29:33]} Re8 {[%clk 1:28:39]} 10. dxe5 {[%clk 1:29:30]} dxe5
{[%clk 1:28:41]} 11. h3 {[%clk 1:29:32]} Qc7 {[%clk 1:28:43]} 12. Qd2
{[%clk 1:27:47]} Bf8 {[%clk 1:28:50]} 13. Nh2 {[%clk 1:26:05]} Nc5
{[%clk 1:28:39]} 14. Qc2 {[%clk 1:18:50]} Ne6 {[%clk 1:27:03]} 15. Rad1
{[%clk 1:18:53]} Bg7 {[%clk 1:22:23]} 16. b4 {[%clk 1:14:24]} Nd4
{[%clk 1:21:39]} 17. Qc1 {[%clk 1:05:27]} Be6 {[%clk 1:20:54]} 18. c5
{[%clk 1:02:32]} a5 {[%clk 1:06:13]} 19. b5 {[%clk 1:00:42]} Qe7 {[%clk 1:04:25]}
20. Bg5 {[%clk 0:57:54]} h6 {[%clk 0:57:27]} 21. Bxf6 {[%clk 0:55:38]} Bxf6
{[%clk 0:57:22]} 22. bxc6 {[%clk 0:53:08]} bxc6 {[%clk 0:57:36]} 23. Nf3
{[%clk 0:49:36]} Bg7 {[%clk 0:56:50]} 24. Na4 {[%clk 0:46:38]} Bxa2
{[%clk 0:56:09]} 25. Nd2 {[%clk 0:45:32]} Qg5 {[%clk 0:52:42]} 26. Bc4
{[%clk 0:41:58]} Bxc4 {[%clk 0:52:24]} 27. Qxc4 {[%clk 0:42:00]} Red8
{[%clk 0:47:53]} 28. Nb6 {[%clk 0:32:52]} Ra7 {[%clk 0:47:54]} 29. Kf1
{[%clk 0:32:35]} Qe7 {[%clk 0:46:29]} 30. Nb3 {[%clk 0:28:55]} Kh7
{[%clk 0:41:39]} 31. Nxd4 {[%clk 0:27:41]} exd4 {[%clk 0:42:06]} 32. e5
{[%clk 0:27:28]} Bxe5 {[%clk 0:42:27]} 33. Re4 {[%clk 0:23:31]} Qc7
{[%clk 0:37:42]} 34. Qe2 {[%clk 0:18:28]} Bg7 {[%clk 0:36:01]} 35. h4
{[%clk 0:14:04]} a4 {[%clk 0:34:26]} 36. h5 {[%clk 0:12:24]} d3 {[%clk 0:32:46]}
37. hxg6+ {[%clk 0:09:09]} fxg6 {[%clk 0:33:03]} 38. Rxd3 {[%clk 0:05:37]} a3
{[%clk 0:31:48]} 39. Rxd8 {[%clk 0:01:40]} Qxd8 {[%clk 0:31:06]} 40. Qa2
{[%clk 0:31:05]} Qd3+ {[%clk 1:01:31]} 0-1

[Event "World Chess Olympiad 2018"]
[Site "Batumi"]
[Date "2018.09.27"]
[Round "4"]
[Board "4"]
[WhiteFideId "4700066"]
[White "Ashiku Franc"]
[BlackFideId "11001364"]
[Black "Elisha Thabo"]
[Result "1-0"]
[LiveChessVersion "1.4.8"]
[BlackElo "2024"]
[WhiteElo "2373"]

1. Nf3 {[%clk 1:30:51]} Nf6 {[%clk 1:30:36]} 2. g3 {[%clk 1:31:11]} g6
{[%clk 1:29:21]} 3. Bg2 {[%clk 1:31:32]} Bg7 {[%clk 1:29:47]} 4. O-O
{[%clk 1:31:49]} O-O {[%clk 1:30:13]} 5. d4 {[%clk 1:31:51]} d6 {[%clk 1:29:47]}
6. b3 {[%clk 1:32:09]} c6 {[%clk 1:28:08]} 7. Bb2 {[%clk 1:31:22]} Qa5
{[%clk 1:27:31]} 8. Nbd2 {[%clk 1:31:45]} Qh5 {[%clk 1:27:44]} 9. Re1
{[%clk 1:32:02]} Bh3 {[%clk 1:22:52]} 10. e4 {[%clk 1:32:21]} Nbd7
{[%clk 1:11:59]} 11. Qe2 {[%clk 1:31:29]} Ng4 {[%clk 0:50:21]} 12. Qf1
{[%clk 1:29:47]} Bxg2 {[%clk 0:50:13]} 13. Kxg2 {[%clk 1:28:38]} Rfe8
{[%clk 0:25:39]} 14. h3 {[%clk 1:28:36]} Ngf6 {[%clk 0:25:33]} 15. e5
{[%clk 1:26:36]} dxe5 {[%clk 0:25:21]} 16. dxe5 {[%clk 1:26:23]} Nd5
{[%clk 0:22:34]} 17. c4 {[%clk 1:26:27]} Nb4 {[%clk 0:19:58]} 18. g4
{[%clk 1:25:41]} Qh6 {[%clk 0:19:24]} 19. g5 {[%clk 1:24:33]} Qh5
{[%clk 0:18:37]} 20. Re4 {[%clk 1:23:59]} Rad8 {[%clk 0:09:02]} 21. Rh4
{[%clk 1:15:18]} Qxh4 {[%clk 0:04:37]} 22. Nxh4 {[%clk 1:15:40]} Nxe5
{[%clk 0:04:32]} 23. Bxe5 {[%clk 1:14:52]} Bxe5 {[%clk 0:04:04]} 24. Rd1
{[%clk 1:14:55]} Nd3 {[%clk 0:03:34]} 25. Ndf3 {[%clk 1:12:43]} Nf4+
{[%clk 0:03:39]} 26. Kh1 {[%clk 1:13:00]} Bc7 {[%clk 0:03:38]} 27. Ng1
{[%clk 1:08:43]} Ne6 {[%clk 0:02:27]} 28. Nhf3 {[%clk 1:08:14]} Bf4
{[%clk 0:02:21]} 29. h4 {[%clk 1:07:56]} h6 {[%clk 0:02:50]} 30. Nh3
{[%clk 1:07:21]} hxg5 {[%clk 0:02:55]} 31. Nfxg5 {[%clk 1:05:28]} Nxg5
{[%clk 0:01:08]} 32. Nxg5 {[%clk 1:03:17]} Kg7 {[%clk 0:00:43]} 33. Kg2
{[%clk 1:02:24]} Rh8 {[%clk 0:00:56]} 34. Rxd8 {[%clk 1:01:51]} Rxd8
{[%clk 0:01:18]} 35. Qa1+ {[%clk 1:01:24]} Kg8 {[%clk 0:00:50]} 36. Qe1
{[%clk 1:01:41]} Rd7 {[%clk 0:00:37]} 37. Qe4 {[%clk 1:01:43]} e5
{[%clk 0:00:46]} 38. Nh3 {[%clk 1:01:52]} Rd4 {[%clk 0:01:14]} 39. Qe2
{[%clk 1:01:39]} f6 {[%clk 0:01:12]} 40. Nxf4 {[%clk 1:32:03]} Rxf4
{[%clk 0:31:32]} 41. Qd3 {[%clk 1:32:24]} Rg4+ {[%clk 0:29:38]} 42. Kh3
{[%clk 1:30:41]} Rg1 {[%clk 0:29:04]} 43. Kh2 1-0

[Event "World Chess Olympiad 2018"]
[Site "Batumi"]
[Date "2018.09.27"]
[Round "4"]
[Board "1"]
[WhiteFideId "9400346"]
[White "Al Qudaimi Basheer"]
[BlackFideId "806404"]
[Black "Efimov Igor"]
[Result "1-0"]
[LiveChessVersion "1.4.8"]
[BlackElo "2421"]
[WhiteElo "2419"]

1. d4 {[%clk 1:30:57]} e6 {[%clk 1:30:46]} 2. Nf3 {[%clk 1:30:54]} f5
{[%clk 1:26:36]} 3. d5 {[%clk 1:27:02]} Bb4+ {[%clk 1:24:33]} 4. c3
{[%clk 1:23:17]} Bd6 {[%clk 1:21:01]} 5. dxe6 {[%clk 1:22:00]} dxe6
{[%clk 1:21:28]} 6. e4 {[%clk 1:21:55]} fxe4 {[%clk 1:12:27]} 7. Ng5
{[%clk 1:20:58]} Nf6 {[%clk 1:12:49]} 8. Nxe4 {[%clk 1:18:13]} Nxe4
{[%clk 1:06:43]} 9. Qa4+ {[%clk 1:18:29]} Bd7 {[%clk 1:07:07]} 10. Qxe4
{[%clk 1:18:46]} Qf6 {[%clk 1:07:23]} 11. Be3 {[%clk 1:11:45]} Bc6
{[%clk 1:07:34]} 12. Qg4 {[%clk 1:07:16]} Nd7 {[%clk 1:04:57]} 13. Nd2
{[%clk 1:05:09]} Ne5 {[%clk 0:58:10]} 14. Qh5+ {[%clk 1:02:34]} g6
{[%clk 0:56:12]} 15. Qg5 {[%clk 1:00:37]} Qf5 {[%clk 0:52:52]} 16. Nb3
{[%clk 0:39:10]} O-O {[%clk 0:20:55]} 17. Nd4 {[%clk 0:28:08]} Qe4
{[%clk 0:19:32]} 18. f3 {[%clk 0:16:16]} Qd5 {[%clk 0:19:51]} 19. Be2
{[%clk 0:13:52]} Nc4 {[%clk 0:20:08]} 20. Qxd5 {[%clk 0:12:38]} Bxd5
{[%clk 0:20:36]} 21. Bh6 {[%clk 0:12:34]} Nxb2 {[%clk 0:16:38]} 22. Bxf8
{[%clk 0:12:22]} Rxf8 {[%clk 0:16:04]} 23. Rb1 {[%clk 0:09:28]} Na4
{[%clk 0:14:41]} 24. c4 {[%clk 0:07:13]} Rf4 {[%clk 0:14:55]} 25. Nb5
{[%clk 0:06:29]} Bxc4 {[%clk 0:15:08]} 26. Nxd6 {[%clk 0:06:21]} cxd6
{[%clk 0:15:36]} 27. Rxb7 {[%clk 0:06:31]} Bxa2 {[%clk 0:14:46]} 28. Rxa7
{[%clk 0:06:20]} e5 {[%clk 0:14:09]} 29. Bd1 {[%clk 0:05:43]} Nc3
{[%clk 0:13:04]} 30. Rxa2 {[%clk 0:04:29]} Nxa2 {[%clk 0:13:31]} 31. Bb3+
{[%clk 0:04:45]} Kf8 {[%clk 0:13:48]} 32. Bxa2 {[%clk 0:05:08]} Ra4
{[%clk 0:14:12]} 33. Bb1 {[%clk 0:05:06]} d5 {[%clk 0:14:34]} 34. Kd2
{[%clk 0:05:15]} Ke7 {[%clk 0:13:50]} 35. Bc2 {[%clk 0:05:01]} Ra2
{[%clk 0:12:00]} 36. Rb1 {[%clk 0:05:00]} h5 {[%clk 0:12:11]} 37. Rb5
{[%clk 0:04:59]} Ke6 {[%clk 0:12:31]} 38. Rb6+ {[%clk 0:04:55]} Kf7
{[%clk 0:13:00]} 39. Rd6 {[%clk 0:05:06]} d4 {[%clk 0:13:24]} 40. h4
{[%clk 0:34:51]} Rb2 {[%clk 0:36:02]} 41. Kc1 {[%clk 0:34:35]} 1-0

[Event "World Chess Olympiad 2018"]
[Site "Batumi"]
[Date "2018.09.27"]
[Round "4"]
[Board "2"]
[WhiteFideId "14500205"]
[White "Sulava Nenad"]
[BlackFideId "9400249"]
[Black "Al-Zendani Zendan"]
[Result "1/2-1/2"]
[LiveChessVersion "1.4.8"]
[BlackElo "2301"]
[WhiteElo "2437"]

1. d4 {[%clk 1:30:54]} Nf6 {[%clk 1:30:42]} 2. Nf3 {[%clk 1:31:18]} d5
{[%clk 1:30:23]} 3. c4 {[%clk 1:22:20]} dxc4 {[%clk 1:30:04]} 4. e3
{[%clk 1:22:37]} e6 {[%clk 1:30:21]} 5. Bxc4 {[%clk 1:22:57]} c5 {[%clk 1:30:11]}
6. O-O {[%clk 1:22:51]} a6 {[%clk 1:30:32]} 7. b3 {[%clk 1:22:20]} b5
{[%clk 1:23:54]} 8. Be2 {[%clk 1:22:40]} Bb7 {[%clk 1:24:11]} 9. a4
{[%clk 1:22:59]} b4 {[%clk 1:23:58]} 10. Bb2 {[%clk 1:16:41]} Nc6
{[%clk 1:21:57]} 11. Nbd2 {[%clk 1:11:39]} cxd4 {[%clk 1:17:42]} 12. Nxd4
{[%clk 1:12:01]} Nxd4 {[%clk 1:17:28]} 13. Bxd4 {[%clk 1:12:17]} Be7
{[%clk 1:10:19]} 14. Bf3 {[%clk 1:06:53]} Bxf3 {[%clk 1:03:09]} 15. Qxf3
{[%clk 1:07:04]} O-O {[%clk 1:03:32]} 16. Bxf6 {[%clk 0:32:00]} Bxf6
{[%clk 1:03:25]} 17. Rad1 {[%clk 0:32:26]} Qc7 {[%clk 0:56:38]} 18. Nc4
{[%clk 0:32:45]} Rad8 {[%clk 0:56:14]} 19. g3 {[%clk 0:27:10]} h6
{[%clk 0:53:15]} 20. h4 {[%clk 0:25:07]} Rxd1 {[%clk 0:49:58]} 21. Rxd1
{[%clk 0:25:25]} Rd8 {[%clk 0:50:19]} 22. Kg2 {[%clk 0:22:03]} Bc3
{[%clk 0:41:12]} 23. h5 {[%clk 0:12:18]} Bf6 {[%clk 0:31:13]} 24. Rxd8+
{[%clk 0:04:57]} Bxd8 {[%clk 0:29:12]} 25. Qa8 {[%clk 0:02:32]} a5
{[%clk 0:28:48]} 26. e4 {[%clk 0:02:54]} f6 {[%clk 0:23:21]} 27. Qa6
{[%clk 0:02:05]} Kf7 {[%clk 0:21:05]} 28. Kf3 {[%clk 0:02:08]} Qc5
{[%clk 0:19:57]} 29. g4 {[%clk 0:02:01]} Qd4 {[%clk 0:19:41]} 30. Qd6
{[%clk 0:01:30]} Qxd6 {[%clk 0:09:39]} 31. Nxd6+ {[%clk 0:01:59]} Ke7
{[%clk 0:09:57]} 32. Nc4 {[%clk 0:02:11]} Bc7 {[%clk 0:09:45]} 33. Ke3
{[%clk 0:02:32]} Kd7 {[%clk 0:07:15]} 34. e5 {[%clk 0:01:31]} fxe5
{[%clk 0:06:41]} 35. Ke4 {[%clk 0:01:57]} Ke7 {[%clk 0:05:39]} 36. Nxe5
{[%clk 0:01:13]} Bxe5 {[%clk 0:04:52]} 37. Kxe5 {[%clk 0:01:41]} Kd7
{[%clk 0:04:56]} 38. Kd4 {[%clk 0:00:47]} Kd6 {[%clk 0:05:06]} 39. f4
{[%clk 0:01:05]} Kc6 {[%clk 0:05:08]} 40. Ke5 {[%clk 0:30:53]} Kd7
{[%clk 0:35:33]} 41. g5 {[%clk 0:23:37]} Ke7 {[%clk 0:35:15]} 42. gxh6
{[%clk 0:23:21]} gxh6 {[%clk 0:35:40]} 43. f5 {[%clk 0:23:45]} exf5
{[%clk 0:35:56]} 44. Kxf5 {[%clk 0:24:13]} Kf7 {[%clk 0:36:13]} 45. Ke5
{[%clk 0:24:38]} Ke7 {[%clk 0:36:26]} 46. Kd5 {[%clk 0:24:15]} Kf6
{[%clk 0:30:56]} 47. Kc5 {[%clk 0:24:39]} Ke5 {[%clk 0:31:21]} 48. Kb5
{[%clk 0:22:01]} 1/2-1/2

[Event "World Chess Olympiad 2018"]
[Site "Batumi"]
[Date "2018.09.27"]
[Round "4"]
[Board "3"]
[WhiteFideId "9400176"]
[White "Al Badani Abdu"]
[BlackFideId "623830"]
[Black "Nelis Jean-Francois"]
[Result "1/2-1/2"]
[LiveChessVersion "1.4.8"]
[BlackElo "2154"]
[WhiteElo "2195"]

1. e4 {[%clk 1:30:58]} c5 {[%clk 1:30:47]} 2. d4 {[%clk 1:31:11]} cxd4
{[%clk 1:31:07]} 3. c3 {[%clk 1:31:36]} dxc3 {[%clk 1:29:31]} 4. Nxc3
{[%clk 1:32:03]} Nc6 {[%clk 1:28:17]} 5. Bc4 {[%clk 1:32:27]} d6 {[%clk 1:22:42]}
6. Nf3 {[%clk 1:32:45]} e6 {[%clk 1:20:13]} 7. O-O {[%clk 1:30:28]} a6
{[%clk 1:20:28]} 8. Qe2 {[%clk 1:30:39]} b5 {[%clk 1:17:06]} 9. Bb3
{[%clk 1:30:25]} Ra7 {[%clk 1:17:17]} 10. Rd1 {[%clk 1:29:36]} Rd7
{[%clk 1:17:39]} 11. Bf4 {[%clk 1:09:24]} Be7 {[%clk 1:12:54]} 12. Rac1
{[%clk 1:09:38]} Bb7 {[%clk 1:09:05]} 13. h3 {[%clk 0:56:15]} Na5
{[%clk 0:56:42]} 14. Bc2 {[%clk 0:50:21]} e5 {[%clk 0:44:30]} 15. Bg3
{[%clk 0:36:27]} Nf6 {[%clk 0:44:29]} 16. b4 {[%clk 0:36:38]} Nc4
{[%clk 0:37:47]} 17. Bb3 {[%clk 0:32:50]} Nb6 {[%clk 0:34:29]} 18. Bxe5
{[%clk 0:31:05]} dxe5 {[%clk 0:32:14]} 19. Nxe5 {[%clk 0:30:31]} O-O
{[%clk 0:32:33]} 20. Nxd7 {[%clk 0:30:26]} Nfxd7 {[%clk 0:32:31]} 21. a4
{[%clk 0:26:42]} Bxb4 {[%clk 0:30:12]} 22. Nxb5 {[%clk 0:19:56]} axb5
{[%clk 0:28:59]} 23. Qxb5 {[%clk 0:20:11]} Qe7 {[%clk 0:24:14]} 24. Rxd7
{[%clk 0:16:12]} Nxd7 {[%clk 0:21:04]} 25. Qxb7 {[%clk 0:16:08]} Rb8
{[%clk 0:15:38]} 26. Rc8+ {[%clk 0:16:09]} Rxc8 {[%clk 0:16:03]} 27. Qxc8+
{[%clk 0:16:37]} Nf8 {[%clk 0:16:27]} 28. Bd5 {[%clk 0:08:13]} g6
{[%clk 0:14:11]} 29. g3 {[%clk 0:07:53]} Kg7 {[%clk 0:14:03]} 30. Kg2
{[%clk 0:07:38]} h5 {[%clk 0:13:51]} 31. Qa8 {[%clk 0:03:12]} Qc7
{[%clk 0:12:08]} 32. Qe8 {[%clk 0:02:28]} Bc3 {[%clk 0:10:29]} 33. h4
{[%clk 0:02:25]} Nh7 {[%clk 0:10:47]} 34. f4 {[%clk 0:01:17]} Nf6
{[%clk 0:11:09]} 35. Qc6 {[%clk 0:01:29]} Qa5 {[%clk 0:06:08]} 36. Bc4
{[%clk 0:01:18]} Qb4 {[%clk 0:05:31]} 37. Qc7 {[%clk 0:00:52]} Qf8
{[%clk 0:02:09]} 38. Bxf7 {[%clk 0:00:33]} Qxf7 {[%clk 0:02:31]} 39. Qxc3
{[%clk 0:01:01]} Qb7 {[%clk 0:02:56]} 40. Qd4 {[%clk 0:30:41]} Qxe4+
{[%clk 0:33:11]} 41. Qxe4 {[%clk 0:30:44]} Nxe4 {[%clk 0:33:39]} 42. a5
{[%clk 0:30:49]} Nc5 {[%clk 0:30:12]} 43. Kf3 {[%clk 0:29:13]} Kf6
{[%clk 0:29:28]} 44. g4 {[%clk 0:26:46]} Na6 {[%clk 0:26:23]} 45. Kg3
{[%clk 0:23:03]} Nc5 {[%clk 0:24:45]} 1/2-1/2

[Event "World Chess Olympiad 2018"]
[Site "Batumi"]
[Date "2018.09.27"]
[Round "4"]
[Board "4"]
[WhiteFideId "5400422"]
[White "Lomandong Marc-Antoine"]
[BlackFideId "9400338"]
[Black "Al-Aqrabi Saleh"]
[Result "0-1"]
[LiveChessVersion "1.4.8"]
[BlackElo "2158"]
[WhiteElo "2035"]

1. d4 {[%clk 1:30:53]} d5 {[%clk 1:30:53]} 2. Nf3 {[%clk 1:31:12]} c6
{[%clk 1:31:19]} 3. b3 {[%clk 1:30:12]} Bf5 {[%clk 1:31:37]} 4. Bb2
{[%clk 1:30:29]} e6 {[%clk 1:32:04]} 5. Nbd2 {[%clk 1:29:20]} Nd7
{[%clk 1:32:26]} 6. g3 {[%clk 1:26:20]} h6 {[%clk 1:32:25]} 7. Bg2
{[%clk 1:26:43]} Ngf6 {[%clk 1:32:40]} 8. O-O {[%clk 1:26:39]} Be7
{[%clk 1:33:00]} 9. c4 {[%clk 1:22:56]} O-O {[%clk 1:32:59]} 10. Re1
{[%clk 1:11:32]} Re8 {[%clk 1:33:18]} 11. a3 {[%clk 1:10:54]} Rc8
{[%clk 1:33:02]} 12. b4 {[%clk 1:06:27]} a6 {[%clk 1:29:33]} 13. c5
{[%clk 1:02:41]} Bh7 {[%clk 1:25:02]} 14. Nb3 {[%clk 1:01:00]} Qc7
{[%clk 1:25:19]} 15. Nfd2 {[%clk 0:49:24]} e5 {[%clk 1:22:10]} 16. e4
{[%clk 0:49:26]} dxe4 {[%clk 1:19:06]} 17. Nxe4 {[%clk 0:48:51]} Nxe4
{[%clk 1:03:25]} 18. Bxe4 {[%clk 0:46:09]} Bxe4 {[%clk 0:55:31]} 19. Rxe4
{[%clk 0:46:29]} exd4 {[%clk 0:54:22]} 20. Bxd4 {[%clk 0:33:15]} Bf6
{[%clk 0:50:17]} 21. Qe2 {[%clk 0:28:04]} Rxe4 {[%clk 0:50:43]} 22. Qxe4
{[%clk 0:28:29]} Bxd4 {[%clk 0:50:44]} 23. Qxd4 {[%clk 0:20:35]} Nf6
{[%clk 0:49:00]} 24. Rd1 {[%clk 0:19:22]} Re8 {[%clk 0:47:47]} 25. Na5
{[%clk 0:19:11]} Qc8 {[%clk 0:44:16]} 26. Kg2 {[%clk 0:16:36]} Nd5
{[%clk 0:42:28]} 27. Nc4 {[%clk 0:16:36]} Re2 {[%clk 0:39:31]} 28. Rd3
{[%clk 0:14:00]} Qf5 {[%clk 0:29:58]} 29. Rf3 {[%clk 0:09:57]} Qc2
{[%clk 0:26:39]} 30. Qg4 {[%clk 0:06:48]} f5 {[%clk 0:19:24]} 31. Rxf5
{[%clk 0:00:49]} Re4 {[%clk 0:19:29]} 32. Rf8+ {[%clk 0:00:34]} Kxf8
{[%clk 0:18:53]} 33. Qf5+ {[%clk 0:00:36]} Ke7 {[%clk 0:16:59]} 0-1

[Event "World Chess Olympiad 2018"]
[Site "Batumi"]
[Date "2018.09.27"]
[Round "4"]
[Board "1"]
[WhiteFideId "9300244"]
[White "Omar Noaman"]
[BlackFideId "5122279"]
[Black "Cofre Archibold Nestor"]
[Result "1/2-1/2"]
[LiveChessVersion "1.4.8"]
[BlackElo "2346"]
[WhiteElo "2356"]

1. d4 {[%clk 1:30:57]} Nf6 {[%clk 1:30:55]} 2. c4 {[%clk 1:31:22]} e6
{[%clk 1:31:23]} 3. Nc3 {[%clk 1:31:07]} Bb4 {[%clk 1:31:38]} 4. Qc2
{[%clk 1:29:47]} O-O {[%clk 1:31:49]} 5. Nf3 {[%clk 1:29:56]} c5 {[%clk 1:19:06]}
6. dxc5 {[%clk 1:30:09]} Bxc5 {[%clk 1:18:59]} 7. Bg5 {[%clk 1:28:21]} Nc6
{[%clk 1:13:35]} 8. e3 {[%clk 1:27:57]} h6 {[%clk 1:09:32]} 9. Bxf6
{[%clk 1:04:48]} Qxf6 {[%clk 1:09:29]} 10. a3 {[%clk 1:04:35]} a5
{[%clk 0:52:05]} 11. Be2 {[%clk 0:52:18]} Qe7 {[%clk 0:45:07]} 12. g4
{[%clk 0:39:35]} b6 {[%clk 0:29:11]} 13. h4 {[%clk 0:39:16]} Bb7 {[%clk 0:27:15]}
14. g5 {[%clk 0:35:50]} h5 {[%clk 0:22:48]} 15. Rg1 {[%clk 0:28:14]} Rfc8
{[%clk 0:13:30]} 16. Ne4 {[%clk 0:25:45]} Kf8 {[%clk 0:08:06]} 17. Nxc5
{[%clk 0:24:04]} Qxc5 {[%clk 0:07:29]} 18. Qh7 {[%clk 0:23:35]} g6
{[%clk 0:03:35]} 19. Qh8+ {[%clk 0:23:05]} Ke7 {[%clk 0:04:01]} 20. Qf6+
{[%clk 0:23:24]} Ke8 {[%clk 0:04:30]} 21. Rd1 {[%clk 0:23:13]} Rc7
{[%clk 0:03:53]} 22. Nd2 {[%clk 0:17:43]} Qe5 {[%clk 0:01:33]} 23. Nf3
{[%clk 0:12:31]} Qc5 {[%clk 0:01:07]} 24. Nd2 {[%clk 0:04:42]} Qe5
{[%clk 0:01:28]} 25. Nf3 {[%clk 0:02:16]} Qc5 {[%clk 0:01:27]} 26. Nd2
{[%clk 0:01:07]} 1/2-1/2

[Event "World Chess Olympiad 2018"]
[Site "Batumi"]
[Date "2018.09.27"]
[Round "4"]
[Board "2"]
[WhiteFideId "5105439"]
[White "Dominguez Aguilar Guillermo"]
[BlackFideId "9300465"]
[Black "AlHuwar Jasem"]
[Result "1/2-1/2"]
[LiveChessVersion "1.4.8"]
[BlackElo "2245"]
[WhiteElo "2324"]

1. e4 {[%clk 1:30:55]} c6 {[%clk 1:30:46]} 2. d4 {[%clk 1:30:19]} d5
{[%clk 1:31:08]} 3. e5 {[%clk 1:30:45]} Bf5 {[%clk 1:31:30]} 4. h4
{[%clk 1:30:48]} h5 {[%clk 1:31:49]} 5. Bd3 {[%clk 1:30:50]} Bxd3
{[%clk 1:31:38]} 6. Qxd3 {[%clk 1:31:11]} e6 {[%clk 1:31:57]} 7. Bg5
{[%clk 1:31:00]} Be7 {[%clk 1:32:14]} 8. Nf3 {[%clk 1:31:11]} Nh6
{[%clk 1:31:18]} 9. c4 {[%clk 1:29:52]} Nf5 {[%clk 0:57:24]} 10. Nc3
{[%clk 1:29:11]} a6 {[%clk 0:57:43]} 11. a3 {[%clk 1:20:29]} b5 {[%clk 0:50:22]}
12. cxd5 {[%clk 1:20:17]} cxd5 {[%clk 0:50:42]} 13. Rc1 {[%clk 1:20:24]} Qd7
{[%clk 0:46:21]} 14. Bxe7 {[%clk 1:03:56]} Nxe7 {[%clk 0:45:49]} 15. Ne2
{[%clk 1:03:56]} Nbc6 {[%clk 0:43:07]} 16. O-O {[%clk 1:01:32]} O-O
{[%clk 0:35:30]} 17. Ng3 {[%clk 0:55:48]} g6 {[%clk 0:35:24]} 18. Qd2
{[%clk 0:56:01]} Kh7 {[%clk 0:24:55]} 19. Rc5 {[%clk 0:49:20]} Rac8
{[%clk 0:15:21]} 20. Rfc1 {[%clk 0:45:49]} Na7 {[%clk 0:13:12]} 21. Qf4
{[%clk 0:44:44]} Ng8 {[%clk 0:11:08]} 22. Ng5+ {[%clk 0:27:36]} Kg7
{[%clk 0:11:08]} 23. Qf3 {[%clk 0:27:28]} Rxc5 {[%clk 0:09:51]} 24. Rxc5
{[%clk 0:27:46]} Rc8 {[%clk 0:08:52]} 25. Qc3 {[%clk 0:25:13]} Ne7
{[%clk 0:05:17]} 26. Ne2 {[%clk 0:25:14]} Nf5 {[%clk 0:04:47]} 27. g3
{[%clk 0:25:30]} Rc6 {[%clk 0:04:59]} 28. Nf4 {[%clk 0:25:32]} Qc8
{[%clk 0:04:26]} 29. b4 {[%clk 0:23:16]} Rxc5 {[%clk 0:04:11]} 30. dxc5
{[%clk 0:20:39]} Nc6 {[%clk 0:03:43]} 31. Nf3 {[%clk 0:20:14]} Qd7
{[%clk 0:03:18]} 32. Qd2 {[%clk 0:19:25]} Qd8 {[%clk 0:01:48]} 33. Kh2
{[%clk 0:19:18]} Nh6 {[%clk 0:01:48]} 34. Kg2 {[%clk 0:18:32]} Ng4
{[%clk 0:01:46]} 35. Nd4 {[%clk 0:17:57]} Nxd4 {[%clk 0:01:23]} 36. Qxd4
{[%clk 0:18:25]} Qc7 {[%clk 0:01:28]} 37. Nd3 {[%clk 0:18:44]} Nh6
{[%clk 0:01:14]} 38. f3 {[%clk 0:18:35]} Nf5 {[%clk 0:01:27]} 39. Qf4
{[%clk 0:19:00]} Qd8 {[%clk 0:00:43]} 40. Kh3 {[%clk 0:47:08]} a5
{[%clk 0:30:58]} 41. Qc1 {[%clk 0:44:59]} axb4 {[%clk 0:29:02]} 42. axb4
{[%clk 0:45:00]} Nd4 {[%clk 0:28:05]} 43. Qf4 {[%clk 0:44:09]} Nc6
{[%clk 0:28:07]} 44. g4 {[%clk 0:43:47]} hxg4+ {[%clk 0:24:59]} 45. Kxg4
{[%clk 0:44:00]} Qe7 {[%clk 0:15:33]} 46. h5 {[%clk 0:42:50]} gxh5+
{[%clk 0:13:48]} 47. Kxh5 {[%clk 0:43:13]} Kf8 {[%clk 0:13:23]} 1/2-1/2